<?xml version="1.0" encoding="UTF-8"?><?xml-stylesheet type="text/xsl" href="static/style.xsl"?><OAI-PMH xmlns="http://www.openarchives.org/OAI/2.0/" xmlns:xsi="http://www.w3.org/2001/XMLSchema-instance" xsi:schemaLocation="http://www.openarchives.org/OAI/2.0/ http://www.openarchives.org/OAI/2.0/OAI-PMH.xsd"><responseDate>2026-04-17T01:22:08Z</responseDate><request verb="GetRecord" identifier="oai:www.recercat.cat:2099.1/19524" metadataPrefix="marc">https://recercat.cat/oai/request</request><GetRecord><record><header><identifier>oai:recercat.cat:2099.1/19524</identifier><datestamp>2025-07-22T19:47:33Z</datestamp><setSpec>com_2072_1033</setSpec><setSpec>col_2072_452951</setSpec></header><metadata><record xmlns="http://www.loc.gov/MARC21/slim" xmlns:dcterms="http://purl.org/dc/terms/" xmlns:xsi="http://www.w3.org/2001/XMLSchema-instance" xmlns:doc="http://www.lyncode.com/xoai" xsi:schemaLocation="http://www.loc.gov/MARC21/slim http://www.loc.gov/standards/marcxml/schema/MARC21slim.xsd">
   <leader>00925njm 22002777a 4500</leader>
   <datafield ind2=" " ind1=" " tag="042">
      <subfield code="a">dc</subfield>
   </datafield>
   <datafield ind2=" " ind1=" " tag="720">
      <subfield code="a">Albiac Belmar, Carlos</subfield>
      <subfield code="e">author</subfield>
   </datafield>
   <datafield ind2=" " ind1=" " tag="260">
      <subfield code="c">2013</subfield>
   </datafield>
   <datafield ind2=" " ind1=" " tag="520">
      <subfield code="a">Este proyecto está pensado para cubrir la necesidad&#xd;
de hacer un control de calidad fiable en los&#xd;
productos que contengan código Braille.&#xd;
Utilizando como herramienta el programa Matlab se&#xd;
va a desarrollar un programa que sea capaz de&#xd;
detectar el código Braille de una foto, tanto si&#xd;
está tomada desde una cámara o desde un archivo.&#xd;
Una vez se haya detectado el código, se unirán los&#xd;
objetos encontrados formando las letras que hay en&#xd;
el código y se mostrará por pantalla el mensaje que&#xd;
hay en braille traducido al lenguaje común. También&#xd;
comparará este código con uno de una imagen patrón&#xd;
y notificará si hay o no errores.&#xd;
Este programa se desarrollará mediante algoritmos,&#xd;
condicionantes y herramientas de Matlab (como por&#xd;
ejemplo los “toolbox”).&#xd;
Como es un programa informático no causa impacto&#xd;
ambiental a la hora de la instalación ni durante su&#xd;
utilización.&#xd;
Para funcionar desde la cámara web solamente hace&#xd;
falta la incorporación al ordenador de una cámara&#xd;
web, un foco para iluminar correctamente el objeto&#xd;
a analizar y una estructura que los aísle&#xd;
lumínicamente del exterior para que no se produzcan&#xd;
sombras ni nada por el estilo.</subfield>
   </datafield>
   <datafield tag="653" ind2=" " ind1=" ">
      <subfield code="a">Àrees temàtiques de la UPC::Informàtica::Aplicacions de la informàtica</subfield>
   </datafield>
   <datafield tag="653" ind2=" " ind1=" ">
      <subfield code="a">Braille--Data processing</subfield>
   </datafield>
   <datafield tag="653" ind2=" " ind1=" ">
      <subfield code="a">Braille--Computer programs</subfield>
   </datafield>
   <datafield tag="653" ind2=" " ind1=" ">
      <subfield code="a">Braille</subfield>
   </datafield>
   <datafield tag="653" ind2=" " ind1=" ">
      <subfield code="a">Detección</subfield>
   </datafield>
   <datafield tag="653" ind2=" " ind1=" ">
      <subfield code="a">Imagen</subfield>
   </datafield>
   <datafield tag="653" ind2=" " ind1=" ">
      <subfield code="a">Condicionantes</subfield>
   </datafield>
   <datafield tag="653" ind2=" " ind1=" ">
      <subfield code="a">Unión</subfield>
   </datafield>
   <datafield tag="653" ind2=" " ind1=" ">
      <subfield code="a">Tratamiento</subfield>
   </datafield>
   <datafield tag="653" ind2=" " ind1=" ">
      <subfield code="a">Visió per ordinador -- Models matemàtics</subfield>
   </datafield>
   <datafield ind2="0" ind1="0" tag="245">
      <subfield code="a">Detección de Braille</subfield>
   </datafield>
</record></metadata></record></GetRecord></OAI-PMH>